000
003040000a22001450004500
005
20120302065246.0
942
_c
BOOK
100
_a
Mehta, Bhavin R.
245
_a
Vidur-Neeti
260
_a
Mumbai:Rahul Publication
300
_a
63p..-ill
040
_a
Mar
365
_b
15/-
650
_a
Sankeerna
999
_c
364312
_d
364309